Justice and peace commission peace building training manual / (Record no. 24153)
[ view plain ]
| 000 -LEADER | |
|---|---|
| fixed length control field | 008700000a22002170004500 |
| 001 - CONTROL NUMBER | |
| control field | 024153 |
| 008 - FIXED-LENGTH DATA ELEMENTS--GENERAL INFORMATION | |
| fixed length control field | 130804t xxu||||| |||| 00| 0 eng d |
| 082 ## - DEWEY DECIMAL CLASSIFICATION NUMBER | |
| Classification number | 347.016 NAT |
| 090 ## - LOCALLY ASSIGNED LC-TYPE CALL NUMBER (OCLC); LOCAL CALL NUMBER (RLIN) | |
| -- | 24153 |
| -- | 24153 |
| 110 ## - MAIN ENTRY--CORPORATE NAME | |
| Corporate name or jurisdiction name as entry element | National Catholic Commission for Justice and Peace |
| 9 (RLIN) | 44810 |
| 245 ## - TITLE STATEMENT | |
| Title | Justice and peace commission peace building training manual / |
| Statement of responsibility, etc. | National Catholic Commission for Justice and Peace |
| 250 ## - EDITION STATEMENT | |
| Edition statement | 1st ed. |
| 260 ## - PUBLICATION, DISTRIBUTION, ETC. | |
| Place of publication, distribution, etc. | Kampala : |
| Date of publication, distribution, etc. | 2007 |
| Name of publisher, distributor, etc. | National Catholic Commission for Justice and Peace |
| 300 ## - PHYSICAL DESCRIPTION | |
| Extent | 83 p.; |
| Dimensions | 30 cm. |
| 650 ## - SUBJECT ADDED ENTRY--TOPICAL TERM | |
| Topical term or geographic name entry element | Justice - Peace - Uganda |
| 9 (RLIN) | 27288 |
| 650 ## - SUBJECT ADDED ENTRY--TOPICAL TERM | |
| Topical term or geographic name entry element | Peace and justice - Uganda |
| 9 (RLIN) | 27290 |
| 650 ## - SUBJECT ADDED ENTRY--TOPICAL TERM | |
| Topical term or geographic name entry element | Catholic commission - peace - Uganda |
| 9 (RLIN) | 27289 |
| 650 ## - SUBJECT ADDED ENTRY--TOPICAL TERM | |
| Topical term or geographic name entry element | Justice and peace commission peace building training manual |
| 9 (RLIN) | 44811 |
| 710 ## - ADDED ENTRY--CORPORATE NAME | |
| Corporate name or jurisdiction name as entry element | National Catholic Commission for Justice and Peace |
| 9 (RLIN) | 44810 |
| 942 ## - ADDED ENTRY ELEMENTS (KOHA) | |
| Koha item type | Book |
| Source of classification or shelving scheme | Dewey Decimal Classification |
| Withdrawn status | Lost status | Damaged status | Not for loan | Home library | Current library | Date acquired | Total Checkouts | Full call number | Barcode | Date last seen | Date last checked out | Price effective from | Koha item type | Source of classification or shelving scheme |
|---|---|---|---|---|---|---|---|---|---|---|---|---|---|---|
| Archbishop Kiwanuka Memorial Library | Archbishop Kiwanuka Memorial Library | 20/06/2008 | 3 | 347.016 NAT | 24153 | 09/07/2014 | 31/10/2011 | 20/06/2008 | Book | |||||
| Archbishop Kiwanuka Memorial Library | Archbishop Kiwanuka Memorial Library | 09/07/2014 | 347.016 NAT | 43161 | 09/07/2014 | 09/07/2014 | Book | Dewey Decimal Classification |